[Event "Campeonato de España Rapid 2017"]
[Site "Linares"]
[Date "2017.08.13"]
[Round "9"]
[White "Alsina Leal, Daniel"]
[Black "Podvin, Francois-xavier"]
[Result "0-1"]
[Board "12"]
[WhiteTitle "GM"]
[WhiteElo "2531"]
[WhiteCountry "ESP"]
[WhiteFideId "2252627"]
[WhiteEloChange "-9"]
[BlackElo "2194"]
[BlackCountry "FRA"]
[BlackFideId "677540"]
[BlackEloChange "17"]

1. e4 {[%clk 0:15:09]} c5 {[%clk 0:15:06]} 2. Nf3 {[%clk 0:15:12]} Nc6 {[%clk
0:15:06]} 3. Bb5 {[%clk 0:15:10]} g6 {[%clk 0:14:56]} 4. Bxc6 {[%clk 0:15:12]}
bxc6 {[%clk 0:15:00]} 5. O-O {[%clk 0:15:11]} Bg7 {[%clk 0:14:59]} 6. Re1 {[%clk
0:15:07]} Nf6 {[%clk 0:14:45]} 7. e5 {[%clk 0:14:58]} Nd5 {[%clk 0:14:48]} 8. d4
{[%clk 0:14:48]} cxd4 {[%clk 0:14:41]} 9. Qxd4 {[%clk 0:14:51]} O-O {[%clk
0:14:42]} 10. Qh4 {[%clk 0:14:25]} d6 {[%clk 0:14:15]} 11. Bh6 {[%clk 0:13:24]}
dxe5 {[%clk 0:11:49]} 12. Bxg7 {[%clk 0:12:21]} Kxg7 {[%clk 0:11:46]} 13. Nxe5
{[%clk 0:12:05]} Qd6 {[%clk 0:10:44]} 14. Na3 {[%clk 0:09:32]} f6 {[%clk
0:09:27]} 15. Nec4 {[%clk 0:08:33]} Qc7 {[%clk 0:09:11]} 16. Qd4 {[%clk 0:08:12]}
e5 {[%clk 0:08:44]} 17. Qc5 {[%clk 0:07:34]} Be6 {[%clk 0:07:43]} 18. Rad1 {[%clk
0:07:35]} Rad8 {[%clk 0:05:30]} 19. Na5 {[%clk 0:07:13]} Nf4 {[%clk 0:05:10]} 20.
f3 {[%clk 0:04:31]} Rxd1 {[%clk 0:03:38]} 21. Rxd1 {[%clk 0:04:19]} Rd8 {[%clk
0:03:39]} 22. Re1 {[%clk 0:00:59]} Rd5 {[%clk 0:03:35]} 23. Qxc6 {[%clk 0:00:40]}
Qxa5 {[%clk 0:03:33]} 24. c3 {[%clk 0:00:27]} Rd2 {[%clk 0:02:08]} 25. g3 {[%clk
0:00:16]} Nh3+ {[%clk 0:02:04]} 26. Kh1 {[%clk 0:00:20]} Qd5 {[%clk 0:02:05]} 27.
Qc7+ {[%clk 0:00:07]} Kh6 {[%clk 0:02:06]} 28. Rf1 {[%clk 0:00:10]} Bg4 {[%clk
0:01:59]} 0-1

[Event "Campeonato de España Rapid 2017"]
[Site "Linares"]
[Date "2017.08.13"]
[Round "9"]
[White "Oliva Castaneda, Kevel"]
[Black "Matnadze, Ana"]
[Result "1-0"]
[Board "13"]
[WhiteTitle "IM"]
[WhiteElo "2516"]
[WhiteCountry "CUB"]
[WhiteFideId "3500799"]
[WhiteEloChange "4"]
[BlackTitle "IM"]
[BlackElo "2436"]
[BlackCountry "ESP"]
[BlackFideId "13601377"]
[BlackEloChange "-4"]

1. d4 {[%clk 0:15:10]} Nf6 {[%clk 0:15:06]} 2. c4 {[%clk 0:15:13]} e6 {[%clk
0:15:10]} 3. g3 {[%clk 0:15:17]} d5 {[%clk 0:15:08]} 4. Nf3 {[%clk 0:15:20]} g6
{[%clk 0:15:11]} 5. Bg2 {[%clk 0:15:21]} Bg7 {[%clk 0:15:15]} 6. O-O {[%clk
0:15:25]} O-O {[%clk 0:15:17]} 7. Qc2 {[%clk 0:15:19]} Nc6 {[%clk 0:15:14]} 8.
Rd1 {[%clk 0:15:22]} dxc4 {[%clk 0:15:17]} 9. Na3 {[%clk 0:15:14]} Nb4 {[%clk
0:15:03]} 10. Qxc4 {[%clk 0:15:13]} a5 {[%clk 0:15:05]} 11. Bd2 {[%clk 0:14:59]}
Nbd5 {[%clk 0:14:05]} 12. Rac1 {[%clk 0:14:53]} c6 {[%clk 0:13:06]} 13. Ne5
{[%clk 0:14:49]} Nd7 {[%clk 0:13:04]} 14. Nd3 {[%clk 0:14:52]} N7b6 {[%clk
0:12:51]} 15. Qb3 {[%clk 0:14:03]} Bxd4 {[%clk 0:11:42]} 16. e4 {[%clk 0:13:37]}
a4 {[%clk 0:11:46]} 17. Qc2 {[%clk 0:13:40]} Ne7 {[%clk 0:10:58]} 18. Bh6 {[%clk
0:12:12]} Bg7 {[%clk 0:09:51]} 19. Bxg7 {[%clk 0:12:10]} Kxg7 {[%clk 0:09:55]}
20. Qc3+ {[%clk 0:11:52]} f6 {[%clk 0:09:56]} 21. Nc5 {[%clk 0:11:46]} Qe8 {[%clk
0:08:37]} 22. Qb4 {[%clk 0:11:43]} Nbd5 {[%clk 0:07:55]} 23. exd5 {[%clk
0:11:45]} Nxd5 {[%clk 0:07:26]} 24. Bxd5 {[%clk 0:11:37]} exd5 {[%clk 0:07:30]}
25. Re1 {[%clk 0:10:55]} Qf7 {[%clk 0:07:03]} 26. Nxb7 {[%clk 0:09:45]} Qxb7
{[%clk 0:05:43]} 27. Re7+ {[%clk 0:09:47]} Rf7 {[%clk 0:05:47]} 28. Rxb7 {[%clk
0:09:50]} Bxb7 {[%clk 0:05:46]} 29. Re1 {[%clk 0:09:38]} c5 {[%clk 0:05:40]} 30.
Qxc5 {[%clk 0:09:35]} Rc8 {[%clk 0:05:44]} 31. Qb4 {[%clk 0:09:05]} d4 {[%clk
0:05:32]} 32. Qxd4 {[%clk 0:08:53]} Rfc7 {[%clk 0:04:53]} 33. Nb5 {[%clk
0:08:45]} Re8 {[%clk 0:04:43]} 34. Qd2 {[%clk 0:08:20]} Rxe1+ {[%clk 0:03:57]}
35. Qxe1 {[%clk 0:08:24]} Rd7 {[%clk 0:04:01]} 36. f4 {[%clk 0:08:08]} Bc6 {[%clk
0:03:46]} 37. Nd6 {[%clk 0:08:07]} Bd5 {[%clk 0:03:39]} 38. a3 {[%clk 0:07:49]}
Bb3 {[%clk 0:03:35]} 39. h4 {[%clk 0:07:05]} Kh6 {[%clk 0:03:23]} 40. Qd2 {[%clk
0:07:09]} Rc7 {[%clk 0:02:33]} 41. f5+ {[%clk 0:07:08]} Kh5 {[%clk 0:02:19]} 42.
Ne8 {[%clk 0:06:18]} Rc6 {[%clk 0:02:09]} 43. Nxf6+ {[%clk 0:06:21]} 1-0

[Event "Campeonato de España Rapid 2017"]
[Site "Linares"]
[Date "2017.08.13"]
[Round "9"]
[White "Ortega Ruiz, Jose Miguel"]
[Black "Suarez Gomez, Julio"]
[Result "1/2-1/2"]
[Board "14"]
[WhiteTitle "FM"]
[WhiteElo "2447"]
[WhiteCountry "ESP"]
[WhiteFideId "2209713"]
[WhiteEloChange "-2"]
[BlackTitle "FM"]
[BlackElo "2305"]
[BlackCountry "ESP"]
[BlackFideId "22275991"]
[BlackEloChange "4"]

1. d4 {[%clk 0:15:05]} e6 {[%clk 0:15:05]} 2. c4 {[%clk 0:15:05]} Nf6 {[%clk
0:15:05]} 3. Nf3 {[%clk 0:15:05]} a6 {[%clk 0:15:05]} 4. e3 {[%clk 0:15:05]} d5
{[%clk 0:15:05]} 5. Nc3 {[%clk 0:15:05]} dxc4 {[%clk 0:15:05]} 6. Bxc4 {[%clk
0:15:05]} b5 {[%clk 0:15:05]} 7. Bb3 {[%clk 0:15:05]} Bb7 {[%clk 0:15:05]} 8. O-O
{[%clk 0:15:05]} c5 {[%clk 0:15:05]} 9. Qe2 {[%clk 0:15:05]} Nbd7 {[%clk
0:15:05]} 10. Rd1 {[%clk 0:15:05]} Qb6 {[%clk 0:15:05]} 11. d5 {[%clk 0:15:05]}
c4 {[%clk 0:13:00]} 12. dxe6 {[%clk 0:15:05]} Qxe6 {[%clk 0:12:34]} 13. Bc2
{[%clk 0:15:05]} Bc5 {[%clk 0:11:57]} 14. Nd4 {[%clk 0:12:19]} Bxd4 {[%clk
0:11:42]} 15. Rxd4 {[%clk 0:12:19]} O-O {[%clk 0:11:42]} 16. f3 {[%clk 0:10:48]}
Ne5 {[%clk 0:11:37]} 17. e4 {[%clk 0:10:33]} Nc6 {[%clk 0:11:37]} 18. Rd1 {[%clk
0:10:27]} Nb4 {[%clk 0:11:37]} 19. Bb1 {[%clk 0:08:38]} Rad8 {[%clk 0:11:13]} 20.
a3 {[%clk 0:08:33]} Rxd1+ {[%clk 0:11:07]} 21. Nxd1 {[%clk 0:08:28]} Nc6 {[%clk
0:11:02]} 22. Be3 {[%clk 0:08:03]} Rd8 {[%clk 0:11:02]} 23. Ba2 {[%clk 0:07:38]}
Ne5 {[%clk 0:10:47]} 24. Nc3 {[%clk 0:07:33]} h6 {[%clk 0:10:00]} 25. Rd1 {[%clk
0:07:16]} Rxd1+ {[%clk 0:10:00]} 26. Qxd1 {[%clk 0:07:16]} Qe7 {[%clk 0:09:16]}
27. Bb1 {[%clk 0:07:10]} Nfd7 {[%clk 0:08:31]} 28. f4 {[%clk 0:05:45]} Ng6 {[%clk
0:07:22]} 29. g3 {[%clk 0:05:22]} Ngf8 {[%clk 0:05:57]} 30. Nd5 {[%clk 0:02:03]}
Qd6 {[%clk 0:05:32]} 31. Nc3 {[%clk 0:02:03]} Qe6 {[%clk 0:05:32]} 32. Qd4 {[%clk
0:02:03]} Nf6 {[%clk 0:04:37]} 33. f5 {[%clk 0:01:47]} Qe7 {[%clk 0:04:22]} 34.
e5 {[%clk 0:01:42]} N6d7 {[%clk 0:04:22]} 35. Bf4 {[%clk 0:01:38]} Nc5 {[%clk
0:02:44]} 36. Qd6 {[%clk 0:01:38]} Qxd6 {[%clk 0:02:27]} 37. exd6 {[%clk
0:01:38]} f6 {[%clk 0:02:30]} 38. Kf2 {[%clk 0:01:38]} Kf7 {[%clk 0:02:30]} 39.
Ke3 {[%clk 0:01:38]} Nfd7 {[%clk 0:02:18]} 40. Ne4 {[%clk 0:01:27]} Na4 {[%clk
0:02:06]} 41. Kd4 {[%clk 0:01:19]} Nxb2 {[%clk 0:02:02]} 42. Nc5 {[%clk 0:01:12]}
Nxc5 {[%clk 0:02:02]} 43. Kxc5 {[%clk 0:01:12]} Na4+ {[%clk 0:02:02]} 44. Kb4
{[%clk 0:01:12]} Nb6 {[%clk 0:01:55]} 45. Ka5 {[%clk 0:01:08]} Nd7 {[%clk
0:01:28]} 46. a4 {[%clk 0:01:08]} Bc6 47. Kxa6 {[%clk 0:01:08]} b4 48. a5 {[%clk
0:01:08]} Ke8 49. Bd2 {[%clk 0:00:07]} c3 50. Be1 {[%clk 0:00:07]} Kd8 51. Bc2
{[%clk 0:00:10]} b3 52. Bxb3 {[%clk 0:00:10]} Nc5+ 53. Kb6 {[%clk 0:00:10]} Nxb3
54. Bxc3 {[%clk 0:00:10]} Be4 55. g4 {[%clk 0:00:10]} Bf3 56. h3 {[%clk 0:00:10]}
Bg2 57. h4 {[%clk 0:00:10]} Bh3 58. g5 {[%clk 0:00:10]} hxg5 59. hxg5 {[%clk
0:00:10]} fxg5 60. f6 {[%clk 0:00:10]} gxf6 61. Bxf6+ {[%clk 0:00:10]} Kd7 62.
Bxg5 {[%clk 0:00:10]} Bg2 63. Be7 {[%clk 0:00:10]} 1/2-1/2

[Event "Campeonato de España Rapid 2017"]
[Site "Linares"]
[Date "2017.08.13"]
[Round "9"]
[White "Bernal Moro, Luis Javier"]
[Black "Almagro Llamas, Pablo"]
[Result "0-1"]
[Board "15"]
[WhiteTitle "IM"]
[WhiteElo "2434"]
[WhiteCountry "ESP"]
[WhiteFideId "2200236"]
[WhiteEloChange "-5"]
[BlackTitle "IM"]
[BlackElo "2446"]
[BlackCountry "ESP"]
[BlackFideId "2221799"]
[BlackEloChange "5"]

1. c4 {[%clk 0:15:07]} e5 {[%clk 0:15:00]} 2. Nc3 {[%clk 0:15:11]} Nc6 {[%clk
0:14:57]} 3. Nf3 {[%clk 0:15:14]} Nf6 {[%clk 0:14:44]} 4. e4 {[%clk 0:15:16]} g6
{[%clk 0:14:18]} 5. d4 {[%clk 0:15:03]} exd4 {[%clk 0:13:58]} 6. Nxd4 {[%clk
0:15:07]} d6 {[%clk 0:12:40]} 7. Be2 {[%clk 0:14:15]} Bg7 {[%clk 0:12:38]} 8. Nc2
{[%clk 0:13:48]} O-O {[%clk 0:12:35]} 9. O-O {[%clk 0:13:51]} Re8 {[%clk
0:12:30]} 10. f3 {[%clk 0:13:55]} a5 {[%clk 0:11:20]} 11. Bg5 {[%clk 0:13:47]} h6
{[%clk 0:11:16]} 12. Bh4 {[%clk 0:13:49]} a4 {[%clk 0:10:51]} 13. Na3 {[%clk
0:12:25]} Bd7 {[%clk 0:09:41]} 14. Nab5 {[%clk 0:11:32]} g5 {[%clk 0:08:57]} 15.
Bf2 {[%clk 0:11:35]} Ne5 {[%clk 0:08:40]} 16. Nxa4 {[%clk 0:10:26]} g4 {[%clk
0:07:24]} 17. Kh1 {[%clk 0:09:48]} gxf3 {[%clk 0:06:58]} 18. gxf3 {[%clk
0:09:52]} Kh8 {[%clk 0:06:45]} 19. Nac3 {[%clk 0:09:52]} Nh5 {[%clk 0:05:39]} 20.
Qd2 {[%clk 0:09:30]} Ng6 {[%clk 0:05:33]} 21. Rg1 {[%clk 0:04:35]} Nhf4 {[%clk
0:04:30]} 22. Be3 {[%clk 0:04:22]} Be5 {[%clk 0:04:04]} 23. Nd4 {[%clk 0:03:36]}
Qh4 {[%clk 0:03:43]} 24. Bf1 {[%clk 0:03:37]} Rg8 {[%clk 0:03:05]} 25. Nf5 {[%clk
0:02:28]} Qh5 {[%clk 0:02:25]} 26. Qf2 {[%clk 0:01:46]} Bxf5 {[%clk 0:01:37]} 27.
exf5 {[%clk 0:01:51]} Nh4 {[%clk 0:00:54]} 28. Rg4 {[%clk 0:01:26]} Nxf5 {[%clk
0:00:49]} 29. Bxf4 {[%clk 0:00:59]} Bxf4 {[%clk 0:00:52]} 30. Bd3 {[%clk
0:01:03]} Ng3+ {[%clk 0:00:29]} 31. Kg2 {[%clk 0:00:52]} f5 {[%clk 0:00:33]} 32.
Rxg3 {[%clk 0:00:31]} Bxg3 {[%clk 0:00:35]} 33. hxg3 {[%clk 0:00:36]} Rxg3+
{[%clk 0:00:22]} 34. Qxg3 {[%clk 0:00:34]} Rg8 {[%clk 0:00:26]} 35. Qxg8+ {[%clk
0:00:36]} Kxg8 {[%clk 0:00:30]} 36. Rg1 {[%clk 0:00:16]} Kf7 {[%clk 0:00:34]} 37.
Kf2 {[%clk 0:00:19]} Qh4+ {[%clk 0:00:35]} 38. Kf1 {[%clk 0:00:18]} Qh3+ {[%clk
0:00:23]} 39. Kf2 {[%clk 0:00:22]} Qh4+ {[%clk 0:00:22]} 40. Kf1 {[%clk 0:00:24]}
Qf4 {[%clk 0:00:14]} 41. Be2 {[%clk 0:00:07]} Qd2 {[%clk 0:00:07]} 42. Nd1 {[%clk
0:00:11]} h5 {[%clk 0:00:10]} 43. Nf2 {[%clk 0:00:12]} Qxb2 {[%clk 0:00:12]} 44.
Bd3 {[%clk 0:00:15]} Qxa2 {[%clk 0:00:12]} 45. Rg5 {[%clk 0:00:18]} h4 {[%clk
0:00:09]} 46. Rxf5+ {[%clk 0:00:22]} Ke7 {[%clk 0:00:13]} 47. Rh5 {[%clk
0:00:23]} Qa1+ {[%clk 0:00:16]} 48. Kg2 {[%clk 0:00:27]} Qg7+ {[%clk 0:00:18]}
49. Ng4 {[%clk 0:00:30]} Qd4 {[%clk 0:00:19]} 50. Rh7+ {[%clk 0:00:33]} Kf8
{[%clk 0:00:23]} 51. Be4 {[%clk 0:00:21]} Qxc4 {[%clk 0:00:18]} 52. Rxh4 {[%clk
0:00:24]} Qe2+ {[%clk 0:00:17]} 53. Nf2 {[%clk 0:00:20]} b5 {[%clk 0:00:20]} 54.
Rh8+ {[%clk 0:00:19]} Kg7 {[%clk 0:00:21]} 55. Rh7+ {[%clk 0:00:23]} Kf6 {[%clk
0:00:21]} 56. Rxc7 {[%clk 0:00:26]} b4 {[%clk 0:00:18]} 57. Rb7 {[%clk 0:00:29]}
Qd2 {[%clk 0:00:14]} 58. Rb5 {[%clk 0:00:32]} Qc3 {[%clk 0:00:09]} 59. Nd3 {[%clk
0:00:11]} b3 {[%clk 0:00:05]} 60. Kg3 {[%clk 0:00:10]} Qc4 {[%clk 0:00:07]} 61.
Rf5+ {[%clk 0:00:08]} Ke7 {[%clk 0:00:09]} 62. Nf4 {[%clk 0:00:12]} b2 {[%clk
0:00:06]} 63. Nd5+ {[%clk 0:00:17]} Ke6 {[%clk 0:00:07]} 64. Rf6+ {[%clk
0:00:19]} Ke5 {[%clk 0:00:09]} 65. Rf7 {[%clk 0:00:20]} Qxe4 {[%clk 0:00:09]} 66.
fxe4 {[%clk 0:00:10]} b1Q {[%clk 0:00:11]} 67. Rf4 {[%clk 0:00:14]} Qg1+ {[%clk
0:00:10]} 68. Kf3 {[%clk 0:00:18]} Kd4 {[%clk 0:00:11]} 69. Ne7 {[%clk 0:00:13]}
Qd1+ {[%clk 0:00:09]} 70. Kg3 {[%clk 0:00:15]} Qg1+ {[%clk 0:00:11]} 71. Kf3
{[%clk 0:00:19]} Qf1+ {[%clk 0:00:13]} 72. Kg3 {[%clk 0:00:24]} Qg1+ {[%clk
0:00:16]} 73. Kf3 {[%clk 0:00:28]} Qf1+ {[%clk 0:00:10]} 0-1

[Event "Campeonato de España Rapid 2017"]
[Site "Linares"]
[Date "2017.08.13"]
[Round "9"]
[White "Bruzon Batista, Lazaro"]
[Black "Martinez Rodriguez, Pablo"]
[Result "1/2-1/2"]
[Board "16"]
[WhiteTitle "GM"]
[WhiteElo "2648"]
[WhiteCountry "CUB"]
[WhiteFideId "3503739"]
[WhiteEloChange "-4"]
[BlackTitle "FM"]
[BlackElo "2264"]
[BlackCountry "ESP"]
[BlackFideId "2205467"]
[BlackEloChange "8"]

1. d4 {[%clk 0:13:48]} d5 {[%clk 0:15:01]} 2. Bf4 {[%clk 0:13:49]} Nf6 {[%clk
0:14:52]} 3. e3 {[%clk 0:13:48]} c5 {[%clk 0:14:13]} 4. c3 {[%clk 0:13:50]} Nc6
{[%clk 0:13:55]} 5. Nd2 {[%clk 0:13:53]} cxd4 {[%clk 0:13:47]} 6. exd4 {[%clk
0:13:56]} Bg4 {[%clk 0:13:12]} 7. Qb3 {[%clk 0:13:56]} Qc8 {[%clk 0:13:05]} 8.
Ngf3 {[%clk 0:13:53]} e6 {[%clk 0:13:07]} 9. Ne5 {[%clk 0:13:48]} Nxe5 {[%clk
0:10:26]} 10. Bxe5 {[%clk 0:13:51]} Be7 {[%clk 0:09:37]} 11. Bb5+ {[%clk
0:13:03]} 1/2-1/2

[Event "Campeonato de España Rapid 2017"]
[Site "Linares"]
[Date "2017.08.13"]
[Round "9"]
[White "Saez, Frederic"]
[Black "Moreno Ruiz, Javier"]
[Result "1/2-1/2"]
[Board "17"]
[WhiteTitle "FM"]
[WhiteElo "2233"]
[WhiteCountry "FRA"]
[WhiteFideId "614076"]
[WhiteEloChange "6"]
[BlackTitle "IM"]
[BlackElo "2471"]
[BlackCountry "ESP"]
[BlackFideId "2203146"]
[BlackEloChange "-3"]

1. c4 {[%clk 0:15:05]} g6 {[%clk 0:15:05]} 2. g3 {[%clk 0:15:05]} Bg7 {[%clk
0:15:05]} 3. Bg2 {[%clk 0:15:05]} d6 {[%clk 0:15:05]} 4. Nc3 {[%clk 0:15:05]} Nf6
{[%clk 0:15:05]} 5. Nf3 {[%clk 0:15:05]} O-O {[%clk 0:15:05]} 6. O-O {[%clk
0:15:05]} e5 {[%clk 0:15:05]} 7. d3 {[%clk 0:15:05]} Nc6 {[%clk 0:15:05]} 8. Rb1
{[%clk 0:15:05]} a5 {[%clk 0:15:05]} 9. h3 {[%clk 0:14:51]} h6 {[%clk 0:14:38]}
10. e4 {[%clk 0:14:26]} Nd7 {[%clk 0:13:11]} 11. Be3 {[%clk 0:14:21]} Nc5 {[%clk
0:13:11]} 12. Qd2 {[%clk 0:12:55]} Kh7 {[%clk 0:13:11]} 13. Kh2 {[%clk 0:12:30]}
f5 {[%clk 0:13:06]} 14. exf5 {[%clk 0:11:25]} Bxf5 {[%clk 0:13:01]} 15. Ne1
{[%clk 0:11:25]} Qd7 {[%clk 0:12:31]} 16. Ne4 {[%clk 0:11:09]} b6 {[%clk
0:12:06]} 17. b3 {[%clk 0:10:54]} Rae8 {[%clk 0:11:51]} 18. Nc2 {[%clk 0:09:39]}
g5 {[%clk 0:11:36]} 19. a3 {[%clk 0:09:11]} Ne6 {[%clk 0:10:20]} 20. b4 {[%clk
0:08:15]} axb4 {[%clk 0:10:15]} 21. axb4 {[%clk 0:08:15]} Nf4 {[%clk 0:10:00]}
22. gxf4 {[%clk 0:06:17]} gxf4 {[%clk 0:09:45]} 23. b5 {[%clk 0:06:17]} Ne7
{[%clk 0:09:40]} 24. Nb4 {[%clk 0:06:11]} Ng6 {[%clk 0:09:15]} 25. Bxb6 {[%clk
0:05:16]} cxb6 {[%clk 0:09:15]} 26. f3 {[%clk 0:04:49]} Ne7 {[%clk 0:07:21]} 27.
Qf2 {[%clk 0:04:03]} Rb8 {[%clk 0:06:36]} 28. Nc6 {[%clk 0:02:04]} Nxc6 {[%clk
0:06:36]} 29. bxc6 {[%clk 0:02:04]} Qxc6 {[%clk 0:06:36]} 30. Rb5 {[%clk
0:02:04]} Bf6 {[%clk 0:02:33]} 31. Rfb1 {[%clk 0:01:57]} Bd8 {[%clk 0:02:33]} 32.
Rd5 {[%clk 0:01:57]} Be7 {[%clk 0:02:03]} 33. Rdb5 {[%clk 0:01:57]} Bxe4 {[%clk
0:01:33]} 34. Rxb6 {[%clk 0:00:59]} Rxb6 {[%clk 0:01:20]} 35. Rxb6 {[%clk
0:00:59]} Qc7 {[%clk 0:01:02]} 36. dxe4 {[%clk 0:00:45]} Qxc4 {[%clk 0:00:37]}
37. Rb7 {[%clk 0:00:39]} Rf7 {[%clk 0:00:37]} 38. Qa7 {[%clk 0:00:06]} Qe6 {[%clk
0:00:37]} 39. Qf2 {[%clk 0:00:06]} Rg7 {[%clk 0:00:37]} 40. Bf1 {[%clk 0:00:06]}
Qc8 41. Ra7 {[%clk 0:00:06]} Qc1 42. h4 h5 43. Bh3 Qe3 44. Bf5+ Kh6 45. Qf1 Qd2+
46. Kh1 Bxh4 47. Rxg7 Kxg7 48. Qg2+ Qxg2+ 49. Kxg2 Kf6 50. Bd7 Be1 51. Bc6 Ke7
52. Kh3 Kd8 53. Bd5 Kc7 54. Bf7 h4 55. Kg2 Kb6 56. Bg8 Kc5 57. Be6 Kd4 58. Kf1
Ke3 59. Bg4 Bb4 60. Kg2 Kd4 61. Be6 Be1 62. Kh3 Bf2 63. Kg2 Ke3 64. Bg4 Bg3 65.
Be6 Kd4 66. Kh3 Bf2 67. Kg2 Ke3 68. Bg4 Be1 69. Be6 Ba5 70. Bf5 Bb4 71. Be6 Bc5
72. Bf5 Ke2 73. Be6 Bf2 74. Bf5 Ke3 75. Be6 Bg3 76. Bf5 Kd4 77. Be6 Kc5 78. Kh3
Be1 79. Kg2 Kd4 80. Kh3 Ke3 81. Kg2 Bg3 82. Bf5 Kd4 83. Be6 Kc5 84. Kh3 Kb6 85.
Kg2 Kc7 86. Kh3 Kd8 87. Bd5 Ke7 88. Bc4 Kf6 89. Bd5 Ke7 90. Bc4 Kd7 91. Kg2 Kc6
92. Be6 Kc5 93. Kh3 Kd4 94. Kg2 Ke3 95. Bf5 Be1 96. Be6 Ba5 97. Bf5 Bd8 98. Be6
Be7 99. Bf5 Kd4 100. Be6 Bf6 101. Kh3 Ke3 102. Kg2 Be7 103. Bf5 Kd4 104. Be6 Bd8
105. Kh3 1/2-1/2

[Event "Campeonato de España Rapid 2017"]
[Site "Linares"]
[Date "2017.08.13"]
[Round "9"]
[White "Rubio Mejia, Luis Ignacio"]
[Black "Gonzalez Diaz, Julio"]
[Result "1/2-1/2"]
[Board "18"]
[WhiteTitle "IM"]
[WhiteElo "2437"]
[WhiteCountry "ESP"]
[WhiteFideId "2281228"]
[WhiteEloChange "-3"]
[BlackElo "2227"]
[BlackCountry "ESP"]
[BlackFideId "2207613"]
[BlackEloChange "5"]

1. d4 {[%clk 0:15:08]} g6 {[%clk 0:15:05]} 2. c4 {[%clk 0:15:10]} Bg7 {[%clk
0:15:08]} 3. Nc3 {[%clk 0:15:07]} d6 {[%clk 0:15:12]} 4. Nf3 {[%clk 0:15:05]} Bg4
{[%clk 0:15:15]} 5. e3 {[%clk 0:14:40]} c5 {[%clk 0:14:18]} 6. Be2 {[%clk
0:13:50]} cxd4 {[%clk 0:13:58]} 7. exd4 {[%clk 0:13:53]} Nc6 {[%clk 0:13:28]} 8.
Be3 {[%clk 0:11:34]} Nh6 {[%clk 0:12:48]} 9. Bxh6 {[%clk 0:05:24]} Bxh6 {[%clk
0:12:49]} 10. d5 {[%clk 0:05:25]} Bxf3 {[%clk 0:10:47]} 11. Bxf3 {[%clk 0:05:29]}
Ne5 {[%clk 0:10:48]} 12. Be2 {[%clk 0:05:30]} O-O {[%clk 0:09:23]} 13. O-O {[%clk
0:05:24]} Rc8 {[%clk 0:08:52]} 14. b3 {[%clk 0:04:39]} a6 {[%clk 0:08:24]} 15.
Ne4 {[%clk 0:03:20]} Qa5 {[%clk 0:07:41]} 16. a4 {[%clk 0:03:04]} Bg7 {[%clk
0:07:12]} 17. Rb1 {[%clk 0:02:35]} Qb4 {[%clk 0:07:08]} 18. f4 {[%clk 0:01:09]}
Nd7 {[%clk 0:07:08]} 19. Bd3 {[%clk 0:01:06]} Nc5 {[%clk 0:06:44]} 20. Nxc5
{[%clk 0:01:08]} Qxc5+ {[%clk 0:06:47]} 21. Kh1 {[%clk 0:01:05]} a5 {[%clk
0:06:51]} 22. f5 {[%clk 0:00:38]} Be5 {[%clk 0:06:12]} 23. Qf3 {[%clk 0:00:35]}
Qd4 {[%clk 0:04:39]} 24. Qh3 {[%clk 0:00:31]} Kg7 {[%clk 0:04:11]} 25. Rbe1
{[%clk 0:00:24]} Qc3 {[%clk 0:03:31]} 26. Rb1 {[%clk 0:00:23]} Qd4 {[%clk
0:02:58]} 27. Rf3 {[%clk 0:00:24]} Bf6 {[%clk 0:02:40]} 28. Rbf1 {[%clk 0:00:20]}
Qh4 {[%clk 0:02:20]} 29. Qxh4 {[%clk 0:00:24]} Bxh4 {[%clk 0:02:24]} 30. g3
{[%clk 0:00:22]} 1/2-1/2

[Event "Campeonato de España Rapid 2017"]
[Site "Linares"]
[Date "2017.08.13"]
[Round "9"]
[White "Blanco Acevedo, Cristobal Jose"]
[Black "Espinosa Aranda, Angel"]
[Result "1-0"]
[Board "20"]
[WhiteTitle "IM"]
[WhiteElo "2297"]
[WhiteCountry "VEN"]
[WhiteFideId "3900525"]
[WhiteEloChange "14"]
[BlackTitle "IM"]
[BlackElo "2425"]
[BlackCountry "ESP"]
[BlackFideId "2278189"]
[BlackEloChange "-7"]

1. d4 {[%clk 0:15:09]} e6 {[%clk 0:15:04]} 2. c4 {[%clk 0:15:10]} b6 {[%clk
0:15:08]} 3. Nc3 {[%clk 0:15:09]} Bb7 {[%clk 0:15:12]} 4. a3 {[%clk 0:14:49]} f5
{[%clk 0:15:16]} 5. Nf3 {[%clk 0:14:46]} Nf6 {[%clk 0:15:20]} 6. Bg5 {[%clk
0:14:44]} h6 {[%clk 0:15:08]} 7. Bf4 {[%clk 0:14:37]} Be7 {[%clk 0:13:55]} 8. h3
{[%clk 0:14:38]} O-O {[%clk 0:13:28]} 9. e3 {[%clk 0:14:26]} Ne4 {[%clk 0:13:23]}
10. Qc2 {[%clk 0:14:14]} Nxc3 {[%clk 0:13:10]} 11. Qxc3 {[%clk 0:14:10]} Bf6
{[%clk 0:13:14]} 12. Qd2 {[%clk 0:13:41]} d6 {[%clk 0:12:53]} 13. Be2 {[%clk
0:12:36]} Nd7 {[%clk 0:12:53]} 14. Bh2 {[%clk 0:12:37]} Qe7 {[%clk 0:12:29]} 15.
Rd1 {[%clk 0:12:33]} e5 {[%clk 0:12:14]} 16. dxe5 {[%clk 0:11:51]} Nxe5 {[%clk
0:12:17]} 17. Nxe5 {[%clk 0:11:27]} Bxe5 {[%clk 0:12:21]} 18. Bxe5 {[%clk
0:11:07]} Qxe5 {[%clk 0:12:24]} 19. O-O {[%clk 0:11:08]} f4 {[%clk 0:12:22]} 20.
exf4 {[%clk 0:10:32]} Rxf4 {[%clk 0:12:25]} 21. Bd3 {[%clk 0:10:33]} Raf8 {[%clk
0:12:05]} 22. f3 {[%clk 0:08:28]} Qg5 {[%clk 0:11:02]} 23. Kh2 {[%clk 0:08:22]}
Qf6 {[%clk 0:08:36]} 24. Rde1 {[%clk 0:06:54]} Rd4 {[%clk 0:08:20]} 25. Qc3
{[%clk 0:06:01]} Bc8 {[%clk 0:07:50]} 26. Re4 {[%clk 0:05:39]} Rxe4 {[%clk
0:07:03]} 27. Qxf6 {[%clk 0:05:41]} Rxf6 {[%clk 0:06:51]} 28. Bxe4 {[%clk
0:05:45]} Bf5 {[%clk 0:06:55]} 29. Bd5+ {[%clk 0:05:37]} Be6 {[%clk 0:06:55]} 30.
Rd1 {[%clk 0:05:37]} Kf7 {[%clk 0:06:49]} 31. Kg3 {[%clk 0:05:36]} Bxd5 {[%clk
0:06:04]} 32. cxd5 {[%clk 0:05:30]} Ke7 {[%clk 0:06:08]} 33. f4 {[%clk 0:05:20]}
Kd7 {[%clk 0:06:11]} 34. Kf3 {[%clk 0:05:03]} c6 {[%clk 0:05:06]} 35. dxc6+
{[%clk 0:04:57]} Kxc6 {[%clk 0:05:11]} 36. Rc1+ {[%clk 0:05:01]} Kd7 {[%clk
0:05:15]} 37. g4 {[%clk 0:05:00]} Re6 {[%clk 0:05:16]} 38. f5 {[%clk 0:04:52]}
Re5 {[%clk 0:05:20]} 39. Rc2 {[%clk 0:04:45]} d5 {[%clk 0:05:16]} 40. h4 {[%clk
0:04:30]} h5 {[%clk 0:04:57]} 41. Rg2 {[%clk 0:02:56]} hxg4+ {[%clk 0:05:00]} 42.
Kxg4 {[%clk 0:02:59]} Kd6 {[%clk 0:05:01]} 43. Kg5 {[%clk 0:02:19]} d4 {[%clk
0:04:59]} 44. Kg6 {[%clk 0:02:22]} Kd5 {[%clk 0:04:51]} 45. h5 {[%clk 0:02:25]}
d3 {[%clk 0:04:41]} 46. f6 {[%clk 0:02:08]} gxf6 {[%clk 0:04:40]} 47. h6 {[%clk
0:02:12]} Kd4 {[%clk 0:04:21]} 48. h7 {[%clk 0:01:40]} Re8 {[%clk 0:04:25]} 49.
Kxf6 {[%clk 0:01:19]} Rh8 {[%clk 0:04:29]} 50. Rg7 {[%clk 0:01:05]} d2 {[%clk
0:03:55]} 51. Rd7+ {[%clk 0:00:50]} Ke3 {[%clk 0:03:59]} 52. Kg7 {[%clk 0:00:53]}
Rxh7+ {[%clk 0:04:03]} 53. Kxh7 {[%clk 0:00:57]} Ke2 {[%clk 0:04:07]} 54. Re7+
{[%clk 0:00:48]} Kd3 {[%clk 0:04:10]} 55. Rxa7 {[%clk 0:00:46]} b5 {[%clk
0:02:52]} 56. Kg6 {[%clk 0:00:25]} Kc2 {[%clk 0:01:49]} 57. Rd7 {[%clk 0:00:29]}
Kxb2 {[%clk 0:01:52]} 58. Rxd2+ {[%clk 0:00:33]} Kxa3 {[%clk 0:01:56]} 59. Kf5
{[%clk 0:00:36]} Kb3 {[%clk 0:01:51]} 60. Ke4 {[%clk 0:00:40]} Kc3 {[%clk
0:01:55]} 61. Rd3+ {[%clk 0:00:41]} Kc2 {[%clk 0:01:57]} 62. Kd4 {[%clk 0:00:45]}
1-0